00421nam a2200157Ia 4500003000400000008004100004040001600045082002200061100003200083245004900115260003200164300001700196490000500213650001900218650002600237GCL140319s9999 xx 000 0 ara d aGCL / cGCL04aطb813.02bع م1 aعبدالتواب يوسف10aالواجب / cعبدالتواب يوسف a[S.N] : bمكتبة مصر aمتعددة a04aالاطفال04aقصص الاطفال